000 00339pam a2200145a 44500
008 230405s xxu||||| |||| 00| 0 eng d
041 _aENG
100 _aFYDOROS
245 _aHOUSING CONSTRUCTION IN THE SOVIET UNION
260 _aNONE
_bPROGRESS PUB MASCOW
_c
300 _aP.B, 66
650 _aCIVIL
690 _aCIVIL
906 _a368
999 _c814563
_d814563